000 01415cam a2200373 i 4500
001 555
005 20250523122133.0
020 _a9781984837165
_q(hardcover)
020 _a9780142410110
020 _a1984837168
_q(hardcover)
040 _aGCmBT
_beng
_cOQX
_erda
_dIMD
_dOJ4
_dOCLCF
_dDLC
_dFISKH
050 0 0 _aPZ7.D1515
_bWi 2019
082 0 4 _a[Fic]
_223
100 1 _aDahl, Roald,
_eauthor.
245 1 4 _aThe witches /
_cRoald Dahl ; illustrated by Quentin Blake.
260 _aLondon :
_bPuffin.
_c2013.
300 _a208 pages :
_billustrations ;
_c20 cm
500 _a"First published in Great Britain by Jonathan Cape Ltd. 1983"--Title page veso.
505 _aM
520 _aA young boy is placed in the custody of his eccentric witch-expert grandmother before being transformed into a mouse by an evil coven that is plotting against local kids.
521 1 _a740
_bLexile
521 1 _aM
_bRaz-Plus
650 0 _aWitches
_vJuvenile fiction.
650 0 _aGrandmothers
_vJuvenile fiction.
650 1 _aWitches
_vFiction.
650 1 _aGrandmothers
_vFiction.
650 7 _aGrandmothers.
_2fast
_0(OCoLC)fst00946353
650 7 _aWitches.
_2fast
_0(OCoLC)fst01176346
655 7 _aFiction.
_2fast
_0(OCoLC)fst01423787
655 7 _aJuvenile works.
_2fast
_0(OCoLC)fst01411637
700 1 _aBlake, Quentin,
_eillustrator.
906 _a7
_bcbc
_ccopycat
_d2
_encip
_f20
_gy-gencatlg
942 _2ddc
_cBK
_n0
999 _c555
_d555